000 00789nam a22002657a 4500
001 4615
003 FISKH
005 20250130085901.0
008 240918b cb ||||| |||| 00| 0 eng d
020 _a9780064442121
040 _aFISKH
_beng
_cFISKH
_dFISKH
050 _aPZ7.C179
082 _2813.6
100 _aCapucilli, Alyssa Satin
245 _aBiscuit /
_cby Alyssa Satin Capucilli ; pictures by Pat Schories.
260 _aNew York :
_bHarperCollins,
_c1996
300 _a24 pages :
_billustrations ;
_c23 cm
505 _aC
520 _aA little yellow dog wants ever one more thing before he'll go to sleep.
521 8 _a110
_bLexile
521 8 _aC
_bRaz-Plus
650 _aEasy Reader
_vAnimals
_xPets
942 _2ddc
_cBK
_n0
999 _c4615
_d4615